000 00617nam a2200205 i 4500
001 134627
003 ES-MaACL
005 20230906194719.0
007 t|
008 070912s1962 ag ||||1| spa d
100 1 _aWiechert, Ernst.
_9116754
245 1 0 _aBosques y hombres
_b: novela /
_cErnst Wiechert ; [traducción de Nélida Mendilaharzu].
260 _aBuenos Aires :
_bEmecé,
_c1962.
300 _a173 p. ;
_c19 cm.
490 1 _aGrandes novelistas
700 1 _aMachain, Nélida M. de.
_975174
830 0 _aGrandes novelistas
_9181770
852 _aES-MaACL
_jA-7674
_bR.96411
999 _c134627
_d134627